000 00754cam a22002294a 4500
001 12971255
003 OSt
005 20240617112656.0
008 021017s2003 nyua b 001 0 eng
010 _a 2002040630
020 _a030647428X
040 _aDDC
_cMUST
082 0 0 _a519.2 ROC 2003
_222
100 1 _aRocchi, Paulo.
_917325
240 1 0 _aetiva.
245 1 4 _aThe structural theory of probability :
_bNew ideas from computer science on the ancient problem of probability interpretation /
_cPaolo Rocchi.
260 _aNew York :
_bKluwer Academic/Plenum Publishers,
_cc2003.
300 _aix, 162 p. :
_bill. ;
_c24 cm.
504 _aIncludes bibliographical references and indexes
650 0 _aProbabilities
_92821
942 _2ddc
_cO_SHELF
999 _c8532
_d8532